000
00318nam a22001457a 4500
008
230324b ||||| |||| 00| 0 eng d
020
_a
9781561588558
041
_a
eng
080
_a
621
082
_a
621TAU
100
_a
19
101
_a
NDERTIMTARI
245
_a
PLUMBING COMPLETE
_c
TAUNTON'S
942
_2
udc
_c
BK
999
_c
59442
_d
59442